000 00748nam a2200253Ia 4500
003 OSt
005 20220918222350.0
006 a|||||r|||| 00| 0
007 ta
008 220917b |||||||| |||| 00| 0 eng d
024 _a216,658
037 _cTextual
040 _aARTS
_cARTS
_beng
041 _2eng
_aeng
082 _aV59S:19(zT).N42<-N39, N6
100 _aKaffka Alexander V. Ed.
_9142965
245 0 _aSea-dumped chemical weapons
_b aspects, problems and solutions
260 _aDordrecht
_bKluwer Academic Pub.
_c1996
300 _axii, 170p
_ccm.
490 _aNato ASI series
650 _aHISTORY
942 _hV59S:19(zT).N42<-N39, N6
_cTEXL
_2CC
999 _c275339
_d275339